00949cam a2200241 i 4500001000500000005001700005020003600022020003000058040002800088050002100116082001500137100001900152245003700171260003800208300005600246490001600302505000700318520028100325521001900606521001900625650004300644650002000687175020230928090927.0 a9780531211519 (library binding) a9780531253571 (paperback) aDLCbengcDLCerdadDLC00aQB661b.S67 201400a523.452231 aSquire, Ann O.10aPlanet Jupiter /cAnn O. Squire. aNew York : bScholastic, c2014.  a48 pages :billustrations (chiefly color) ;c22 cm.0 aA true book0 aZ  aJupiter is so large that all of the other planets in the solar system could fit inside of it. Readers will discover what sets this gas giant apart from the other planets. They will also learn how it was discovered, take a tour of its many moons, and find out why it has rings.2 a900 bLexile 2 aZ bRaz-Plus  aJupiter (Planet)vJuvenile literature  aPlanet Jupiter